<?xml version="1.0" encoding="UTF-8"?>
<record
    xmlns:xsi="http://www.w3.org/2001/XMLSchema-instance"
    xsi:schemaLocation="http://www.loc.gov/MARC21/slim http://www.loc.gov/standards/marcxml/schema/MARC21slim.xsd"
    xmlns="http://www.loc.gov/MARC21/slim">

  <leader>00908nam a2200229Ia 4500</leader>
  <controlfield tag="003">Ost</controlfield>
  <controlfield tag="005">20260507075651.0</controlfield>
  <controlfield tag="008">260507s9999||||xx |||||||||||||| ||und||</controlfield>
  <datafield tag="040" ind1=" " ind2=" ">
    <subfield code="c">fsecg</subfield>
  </datafield>
  <datafield tag="041" ind1=" " ind2=" ">
    <subfield code="a">ara</subfield>
  </datafield>
  <datafield tag="082" ind1=" " ind2=" ">
    <subfield code="a">343.82</subfield>
  </datafield>
  <datafield tag="100" ind1=" " ind2=" ">
    <subfield code="a">&#x645;&#x648;&#x632;&#x64A;&#x647;&#x60C; &#x641;&#x627;&#x646;&#x633;&#x627;&#x646;</subfield>
    <subfield code="e">&#x645;&#x624;&#x644;&#x641;</subfield>
  </datafield>
  <datafield tag="245" ind1=" " ind2="0">
    <subfield code="a">&#x627;&#x644;&#x645;&#x637;&#x648;&#x644; &#x641;&#x64A; &#x627;&#x644;&#x639;&#x642;&#x648;&#x62F; :</subfield>
    <subfield code="b">&#x628;&#x64A;&#x639; &#x627;&#x644;&#x633;&#x644;&#x639; &#x627;&#x644;&#x62F;&#x648;&#x644;&#x64A;&#x629; &#x648;&#x627;&#x644;&#x642;&#x627;&#x646;&#x648;&#x646; &#x627;&#x644;&#x645;&#x648;&#x62D;&#x62F; /</subfield>
    <subfield code="c"> &#x641;&#x627;&#x646;&#x633;&#x627;&#x646; &#x645;&#x648;&#x632;&#x64A;&#x647;</subfield>
  </datafield>
  <datafield tag="260" ind1=" " ind2=" ">
    <subfield code="a">&#x628;&#x64A;&#x631;&#x648;&#x62A;: </subfield>
    <subfield code="b">&#x645;&#x62C;&#x62F; &#x627;&#x644;&#x645;&#x624;&#x633;&#x633;&#x629; &#x627;&#x644;&#x62C;&#x627;&#x645;&#x639;&#x64A;&#x629; &#x644;&#x644;&#x62F;&#x631;&#x627;&#x633;&#x627;&#x62A; &#x648;&#x627;&#x644;&#x646;&#x633;&#x631; &#x648;&#x627;&#x644;&#x62A;&#x648;&#x632;&#x64A;&#x639;, </subfield>
    <subfield code="c">2005</subfield>
  </datafield>
  <datafield tag="300" ind1=" " ind2=" ">
    <subfield code="a">710  &#x635;&#x641;&#x62D;&#x629;&#x61B; </subfield>
    <subfield code="b">&#x625;&#x64A;&#x636;&#x627;&#x62D;&#x627;&#x62A; &#x61B;</subfield>
    <subfield code="c">25 &#x633;&#x645;</subfield>
  </datafield>
  <datafield tag="520" ind1=" " ind2=" ">
    <subfield code="a">&#x645;&#x635;&#x627;&#x62F;&#x631; &#x62A;&#x646;&#x638;&#x64A;&#x645; &#x628;&#x64A;&#x639; &#x627;&#x644;&#x633;&#x644;&#x639; &#x627;&#x644;&#x62F;&#x648;&#x644;&#x64A;&#x629;- &#x62A;&#x643;&#x648;&#x64A;&#x646; &#x639;&#x642;&#x62F; &#x628;&#x64A;&#x639; &#x627;&#x644;&#x633;&#x644;&#x639; &#x627;&#x644;&#x62F;&#x648;&#x644;&#x64A;&#x629;- &#x645;&#x641;&#x627;&#x639;&#x64A;&#x644; &#x627;&#x644;&#x628;&#x64A;&#x639;</subfield>
  </datafield>
  <datafield tag="653" ind1=" " ind2=" ">
    <subfield code="a">&#x627;&#x644;&#x628;&#x64A;&#x639;</subfield>
  </datafield>
  <datafield tag="653" ind1=" " ind2=" ">
    <subfield code="a">&#x627;&#x644;&#x633;&#x644;&#x639;</subfield>
  </datafield>
  <datafield tag="653" ind1=" " ind2=" ">
    <subfield code="a">&#x627;&#x644;&#x639;&#x642;&#x648;&#x62F;</subfield>
  </datafield>
  <datafield tag="700" ind1=" " ind2=" ">
    <subfield code="a">&#x63A;&#x633;&#x627;&#x646;&#x60C; &#x62C;&#x627;&#x643; </subfield>
    <subfield code="e">&#x645;&#x624;&#x644;&#x641; &#x62B;&#x627;&#x646;&#x648;&#x64A;</subfield>
  </datafield>
  <datafield tag="942" ind1=" " ind2=" ">
    <subfield code="c">&#x643;&#x62A;&#x627;&#x628;</subfield>
  </datafield>
  <datafield tag="999" ind1=" " ind2=" ">
    <subfield code="c">45611</subfield>
    <subfield code="d">45611</subfield>
  </datafield>
</record>
